000 00688nam a2200253Ia 4500
005 20260429112012.0
008 260429s9999||||xx |||||||||||||| ||und||
020 _a9781032163680
041 _aEnglish
082 _a332.4
_bMIN
100 _aMinhat, Marizah
245 0 _aCrypto currency risk and governance challenges /
_cMarizah Minhat
250 _a1st ed.
260 _aNew Delhi :
_bRoutledge,
_c2024.
300 _axvii, 156 p.; hb
650 _a Digital finance
650 _a Financial risk
650 _a Governance
650 _aCryptocurrency
700 _a Abdullah, Mazni
700 _a Dzolkarnaini, Nazam
700 _a Sapiei, Noor Sharoja
942 _cTB
999 _c51829
_d51829